| 000 | 00768nam a2200193 a 4500 | ||
|---|---|---|---|
| 008 | 090730s2009 ||||||||||||||||| || u | ||
| 020 | _a9780745329390 | ||
| 050 | _aHD 9506 Cam | ||
| 100 | _aCampbell, Bonnie | ||
| 245 | 1 | 0 |
_aMining in Africa: regulation and development _cedited by Bonnie Campbell |
| 260 |
_aOttawa _bInternational Development Research Centre _c2009 |
||
| 300 | _axii, 276p.: ill. | ||
| 350 | _a0.00 | ||
| 650 | _aMINING | ||
| 650 | _aMineral industries--Africa | ||
| 650 | _aMINES AND MINERAL RESOURCES--AFRICA | ||
| 650 | _aMINERAL RESOURCE--GOVERNANCE AND HUMAN RIGHTS | ||
| 995 |
_D0.00 _FCBU-MAIN LIBRARY (Kitwe) _H1 _I0.00 _M1 _UAVAILABLE _WSep 9, 2009 _ZMain Library Open Access Collection |
||
| 999 |
_c51293 _d51293 |
||